000 00658nam a22002057a 4500
005 20150423144014.0
010 _aENG-112379
020 _a9788123772264
_c200.00
020 _a8123772262
_c200.00
035 _aEN-95911
037 _bDBAD/PUB
082 _aS
100 _aShantaram
245 _aBasil blossoms and other short stories /
_cby Shantaram ; translated from the original Marathi by several hands
260 _aNew Delhi
_bNational Book Trust
_c2014
270 _aNehru Bhawan, 5 Institutional Area, Phase-II, Vasant Kunj,
_bNew Delhi
_e110070
300 _axi,264p.
_c22cm(pbk)
490 _aAadan pradan
942 _2ddc
_cEN
_mSHA
_hS
999 _c92262
_d92262